Dream man

Bibliographic Details
Main Author: Howard, Linda
Format: Book
Published: New York : Pocket Books , 1994
Subjects:

MARC

LEADER 00000cam a2200000 7i4500
001 0000008055
005 20070911.0
008 070911
020 |a 0671019759 
090 0 0 |a HOW   |b ENG 
100 1 |a Howard, Linda 
245 1 0 |a Dream man   |c Linda Howard 
260 |a New York :   |b Pocket Books ,   |c 1994 
650 0 |a English language   |x Adventure   |x Juvenile literature 
650 0 |a Novel 
999 |a 0000992175   |b Book   |c Adult Collection   |e Perbadanan Perpustakaan Awam Johor 
999 |a 0000992176   |b Book   |c Adult Collection   |e Perbadanan Perpustakaan Awam Johor